Регионална библиотека "Любен Каравелов" - Русе

Децата от Бхут базар (Запис номер 419107)

MARC детайли
000 -Лидер
Контролно поле с фиксирана дължина 01162nam a2200277 a 4500
003 - Код на организацията, давaща контролен номер
Контролно поле BLK
005 - Дата и час на последна редакция
Контролно поле 20250710134258.0
008 - Елементи от данни с фиксирана дължина
fixed length control field 210610b bu ||||| |||| 00| 0 bu d
020 ## - Международен стандартен номер на книга ISBN
Международен стандартен номер на книга ISBN 9786190107361
040 ## - Източник на каталожния запис
Идентификатор на билиотеката - собственик на записа BLK
041 ## - Код за език
Код за езика на текст/звукозапис или на отделно заглавие Български
Код за езика КДБФ Български
080 ## - УДК
Текстов определител УДК Индийска литература на английски език
УДК код - определител по УДК 821.111(540)
УДК определител -31
УДК - код + определител 821.111(540)-31
100 ## - Редна дума - Автор
R(LIN) 1299
Автор Анаппара, Дипа
Авторска отговорност първи автор
139 ## - Редно поле
Редна дума Анаппара, Дипа
Авторски знак Ан - А 64
245 ## - Сведения за заглавието
Заглавие Децата от Бхут базар
Редно поле (дума) Дипа Анаппара ; прев. от англ. Петя Петкова
260 ## - Област на издателските данни
9 (RLIN) 210881
Място на издаване, разпространение и проч. София
Име на издателя, разпространителя и проч. Изток-Запад
Година на издаване 2020
300 ## - Физическа характеристика
Страници 320 с.
Илюстрации и др. с ил.
Размери/Мащаб 22 см
380 ## - Жанр
Жанр Худож. лит.
490 ## - СЕРИИ (Колекции)
9 (RLIN) 389325
Име на серия Серия Красноглед
ISSN C634-5425
700 ## - Други автори (авторска отговорност)
Лично име Петкова, Петя Кръстева
Дати, свързани с автора 1979 -
Друга информация Индолог. Преводач от немски, от/на английски ези
9 (RLIN) 336231
852 ## - Местоположение
Форматна сигнатура Цб 307845
852 ## - Местоположение
Фондова буква Заемна - подръчен фонд
Систематично-азбучна сигнатура 821-31/А 64 Д
999 ## - СИСТЕМНИ КОНТРОЛНИ НОМЕРА
Koha biblionumber 419107
Koha biblioitemnumber 419107
942 ## - АРТИКУЛИ
Вид на библиотечния материал Книги
Скрит в OPAC Не
Периодичен библиозапис Да
Koha issues (borrowed), all copies 14
944 ## - СЪЗДАВАНЕ И РЕДАКЦИЯ на ЗАПИСА
Създаване/Редакция Създаване
Дата на регистрацията/редакция 2021-06-10
Служител, извършил регистрацията/редакцията 30531
Статус, дата на статуса Цветелина Шанова
944 ## - СЪЗДАВАНЕ И РЕДАКЦИЯ на ЗАПИСА
Създаване/Редакция Редакция
Дата на регистрацията/редакция 2021-11-04
Служител, извършил регистрацията/редакцията ГГГ
Наличности
Код за отписване Код за изгубен артикул Източник на класификационната схема Код за повреда Коз за рестрикции Код за отдаване Артикулен № Име на библиотеката - собственик Име на библиотеката, в която се намира в момента Статус (Текущо местоположение) Дата на вписване в системата Местоположение - отдел Цена в лева Систематично азбучна сигнатура Баркод Цена в евро Служебен тип на артикула
  Не е изгубен Universal Decimal Classification Не е повреден само за читалня ползва се в читалня 836556 Регионална библиотека "Любен Каравелов" Русе Регионална библиотека "Любен Каравелов" Русе Хранилище 2021-06-14 Хранилище 19.00 Цб 307845 120000856318 9.71 Книги
  Не е изгубен Universal Decimal Classification Не е повреден без рестрикции заемане за дома 860533 Регионална библиотека "Любен Каравелов" Русе Регионална библиотека "Любен Каравелов" Русе Заемна - подръчен фонд 2021-11-08 Заемна - подръчен фонд 13.30 821-31/А 64 Д 120000861996 6.80 Книги
Vip Innovations Ltd, Rousse, Bulgaria 2025